000
00439nam a2200145Ia 4500
008
100122s9999 xx 000 0 und d
082
_b
674
_a
823
100
_a
गांधी महात्मा
245
_a
अनासक्तियोग
260
_b
प्रकाशक शोधणे
_c
1924
300
_a
55
630
_a
अनासक्तियोग
730
_a
अनासक्तियोग
942
_c
BOOK
999
_c
382610
_d
382607